AEW World Title PPV Matches - Statistics

General Stats
  • This quiz has been taken 184 times
    30 since last reset
  • The average score is 65 of 74
Answer Stats
Event Wrestler % Correct
All Out 2019 Adam Page
100%
Full Gear 2021 Adam Page
100%
Revolution 2022 Adam Page
100%
Double or Nothing 2022 Adam Page
100%
Revolution 2024 Adam Page
100%
Worlds End 2024 Adam Page
100%
All In 2025 Adam Page
100%
Forbidden Door 2025 Adam Page
100%
Revolution 2023 Bryan Danielson
95%
All In 2024 Bryan Danielson
95%
All Out 2024 Bryan Danielson
95%
WrestleDream 2024 Bryan Danielson
95%
Revolution 2021 Kenny Omega
95%
Double or Nothing 2021 Kenny Omega
95%
All Out 2021 Kenny Omega
95%
Full Gear 2021 Kenny Omega
95%
All Out 2020 MJF
95%
Full Gear 2022 MJF
95%
Revolution 2023 MJF
95%
Double or Nothing 2023 MJF
95%
Forbidden Door 2023 MJF
95%
All In 2023 MJF
95%
Full Gear 2023 MJF
95%
Worlds End 2023 MJF
95%
Forbidden Door 2025 MJF
95%
Worlds End 2023 Samoa Joe
95%
Revolution 2024 Samoa Joe
95%
Dynasty 2024 Samoa Joe
95%
Revolution 2024 Swerve Strickland
95%
Dynasty 2024 Swerve Strickland
95%
Double or Nothing 2024 Swerve Strickland
95%
Forbidden Door 2024 Swerve Strickland
95%
All In 2024 Swerve Strickland
95%
Dynasty 2025 Swerve Strickland
95%
Revolution 2022 Adam Cole
91%
All In 2023 Adam Cole
91%
All Out 2019 Chris Jericho
91%
Full Gear 2019 Chris Jericho
91%
Revolution 2020 Chris Jericho
91%
Revolution 2020 Jon Moxley
91%
Double or Nothing 2020 Jon Moxley
91%
All Out 2020 Jon Moxley
91%
Full Gear 2020 Jon Moxley
91%
Revolution 2021 Jon Moxley
91%
Forbidden Door 2022 Jon Moxley
91%
All Out 2022 Jon Moxley
91%
Full Gear 2022 Jon Moxley
91%
WrestleDream 2024 Jon Moxley
91%
Full Gear 2024 Jon Moxley
91%
Worlds End 2024 Jon Moxley
91%
Revolution 2025 Jon Moxley
91%
Dynasty 2025 Jon Moxley
91%
All In 2025 Jon Moxley
91%
Full Gear 2019 Cody
86%
Double or Nothing 2023 Darby Allin
86%
Revolution 2025 Adam Copeland
82%
Forbidden Door 2024 Will Ospreay
82%
Double or Nothing 2022 CM Punk
77%
All Out 2022 CM Punk
77%
All Out 2024 Jack Perry
77%
Double or Nothing 2023 Jungle Boy
77%
Double or Nothing 2021 Orange Cassidy
77%
Full Gear 2024 Orange Cassidy
77%
Worlds End 2024 Orange Cassidy
77%
Double or Nothing 2021 PAC
77%
Forbidden Door 2022 Hiroshi Tanahashi
73%
Forbidden Door 2023 Hiroshi Tanahashi
73%
Double or Nothing 2023 Sammy Guevara
68%
Full Gear 2023 Jay White
64%
Worlds End 2024 Jay White
64%
Double or Nothing 2020 Brodie Lee
59%
All Out 2021 Christian Cage
59%
Double or Nothing 2024 Christian Cage
59%
Full Gear 2020 Eddie Kingston
50%
No matching quizzes found
Score Distribution
Percent of People with Each Score
Percentile by Number Answered
Your Score History
You have not taken this quiz since the last reset